000 00742cam a22002413a 4500
001 28715
003 PGUSA
005 20140828083624.0
008 090508s2009||||xxu|||||s|||||000 | eng d
040 _aPGUSA
_beng
042 _adc
050 4 _aPF
100 1 _aKöster Henke, W. L. H.
245 1 0 _aDe Boeventaal :
_bZakwoordenboekje van het Bargoensch, of De taal van de jongens van de vlakte
_h[electronic resource] /
_cW. L. H. Köster Henke
260 _bProject Gutenberg,
_c2009
506 _aPublic domain in the USA.
516 _aElectronic text
653 _aDutch language -- Slang
653 _aLanguages, Secret
830 0 _aProject Gutenberg
_v28715
856 4 0 _uhttp://www.gutenberg.org/ebooks/28715
942 _cEB
999 _c257970
_d257970